000 00504nam a22001575i 4500
001 174262
003 ES-MaACL
005 20250911063605.0
008 100318s1892 sp |||| | spa d
100 1 _aSoler y Arqués, Carlos,
_d1836-1896
_9132802
245 1 0 _aAquí y allá
_b: (bocetos sociales) /
_cpor Carlos Soler Arqués.
260 _aMadrid :
_b[s.n.],
_c1892 (
_fTip. de Manuel G. Hernández)
300 _a365 p. ;
_c24 cm.
852 _aES-MaACL
_jG-8128
999 _c174262
_d174262